| 000 | 00472nam a22001937a 4500 | ||
|---|---|---|---|
| 003 | OSt | ||
| 005 | 20170105103507.0 | ||
| 008 | 150414t xxu||||| |||| 00| 0 eng d | ||
| 020 | _a81-7754-168-4 | ||
| 040 | _cASAB | ||
| 082 | _a660 SHA | ||
| 100 |
_aU. Kumar _9969 |
||
| 240 | _aStudies in biotechnology series | ||
| 245 | _aPlant biotechnology and biodiversity conservation | ||
| 250 | _ano.6 | ||
| 260 |
_a india _bAgrobios _c2008 |
||
| 300 | _a374 | ||
| 942 |
_2ddc _cBK |
||
| 999 |
_c17306 _d17306 |
||